LEADER 01001nam0-22003491i-450- 001 990001798020403321 005 20080114132811.0 035 $a000179802 035 $aFED01000179802 035 $a(Aleph)000179802FED01 035 $a000179802 100 $a20030910f19601969km-y0itay50------ba 101 0 $afre 102 $aFR 105 $ay-------001yy 200 1 $aFlore d'Europe$fRichard Krausel, H. Merxmuller, H. Nothdurft 210 $aParis$cSociete Francaise du Livre$d[196.] 215 $a2 v., 312 tav.$d28 cm 327 1 $a1.: Plantes herbacees et sous arbrisseaux.$a2.: Arbrisseaux, arbustes & arbres. 610 0 $aFitogeografia 610 0 $aFlora 676 $a581.9 702 1$aKrausel,$bRichard 702 1$aMerxmuller ,$bH. 702 1$aNorthdurft,$bH. 801 0$aIT$bUNINA$gRICA$2UNIMARC 901 $aBK 912 $a990001798020403321 952 $a60 582-589 B 28$b35866 39799$fFAGBC 959 $aFAGBC 996 $aFlore d'Europe$9410667 997 $aUNINA LEADER 04622nam 2200685 a 450 001 996212358403316 005 20200520144314.0 010 $a9786612042447 010 $a1-4443-0443-7 010 $a1-282-04244-0 010 $a1-4443-0444-5 035 $a(CKB)1000000000749509 035 $a(EBL)428290 035 $a(OCoLC)476273480 035 $a(SSID)ssj0000297565 035 $a(PQKBManifestationID)11258417 035 $a(PQKBTitleCode)TC0000297565 035 $a(PQKBWorkID)10334918 035 $a(PQKB)10809301 035 $a(MiAaPQ)EBC428290 035 $a(Au-PeEL)EBL428290 035 $a(CaPaEBR)ebr10345778 035 $a(CaONFJC)MIL204244 035 $a(PPN)143282255 035 $a(EXLCZ)991000000000749509 100 $a20070919d2007 uy 0 101 0 $aeng 135 $aur|n|---||||| 181 $ctxt 182 $cc 183 $acr 200 10$aGlacial sedimentary processes and products$b[electronic resource] /$fedited by Michael J. Hambrey ... [et al.] 210 $aMalden, MA ;$aOxford $cIAS/Blackwell Pub.$d2007 215 $a1 online resource (436 p.) 225 0 $aInternational Association of Sedimentologists special publications ;$v39 300 $a"Special publication number 39 of the International Association of Sedimentologists." 300 $aPapers presented at the International Conference on "Glacial Sedimentary Processes and Products" held at the University of Wales, Aberystwyth in August 2005. 311 $a1-4051-8300-4 320 $aIncludes bibliographical references and index. 327 $a""Preface""; ""Foreword""; ""Introduction to Papers""; ""Part 1 Glacier dynamics and sedimentation""; ""Hydrological connections between Antarctic subglacial lakes, the flow of water beneath the East Antarctic Ice Sheet and implications for sedimentary processes""; ""Sedimentology, structural characteristics and morphology of a Neoglacial high-Arctic moraine-mound complex: Midre Lovenbreen, Svalbard""; ""A new laboratory apparatus for investigating clast ploughing""; ""Part 2 Modelling glaciers and ice sheets"" 327 $a""A coupled ice-sheet/ice-shelf/sediment model applied to a marine-margin flowline: forced and unforced variations""""A brief review on modelling sediment erosion, transport and deposition by former large ice sheets""; ""Part 3 Quaternary glacial systems""; ""Glaciomarine sediment drifts from Gerlache Strait, Antarctic Peninsula""; ""Sedimentary signatures of the Waterloo Moraine, Ontario, Canada""; ""Estimating episodic permafrost development in northern Germany during the Pleistocene""; ""Lake-level control on ice-margin subaqueous fans, glacial Lake Rinteln, Northwest Germany"" 327 $a""Seasonal controls on deposition of Late Devensian Glaciolacustrine Sediments, Central Ireland""""Anatomy and facies association of a drumlin in Co. Down, Northern Ireland, from seismic and electrical resistivity surveys""; ""The Newbigging esker system, Lanarkshire, Southern Scotland: a model for composite tunnel, subaqueous fan and supraglacial esker sedimentation""; ""The age and origin of the Blakeney esker of north Norfolk: implications for the glaciology of the southern North Sea Basin"" 327 $a""Sediments and landforms in an upland glaciated-valley landsystem: upper Ennerdale, English Lake District""""Part 4 Pre-Quaternary glacial systems""; ""Cenozoic climate and sea level history from glacimarine strata off the Victoria Land coast, Cape Roberts Project, Antarctica""; ""Glacial stress field orientation reconstructed through micromorphology and m X-ray computed tomography of till""; ""The Late Ordovician glacial sedimentary system of the North Gondwana platform""; ""The Ordovician glaciation in Eritrea and Ethiopia, NE Africa"" 327 $a""Neoproterozoic glaciated basins: a critical review of the Snowball Earth hypothesis by comparison with Phanerozoic glaciations""""Index"" 410 0$aSpecial Publication Number 39 of the International Association of Sedimentologists 606 $aDrift$vCongresses 606 $aGlacial landforms$vCongresses 615 0$aDrift 615 0$aGlacial landforms 676 $a551.31/5 701 $aHambrey$b M. J$0878739 712 02$aInternational Association of Sedimentologists. 712 12$aInternational Conference on "Glacial Sedimentary Processes and Products" 801 0$bMiAaPQ 801 1$bMiAaPQ 801 2$bMiAaPQ 906 $aBOOK 912 $a996212358403316 996 $aGlacial sedimentary processes and products$91961938 997 $aUNISA